=LDR 00000nam 2200000 4500 =001 INLIS000000000003634 =005 20130612091934 =008 ***********************************Ind** =035 ##$$0010-061300000003634 =041 ##$$a Ind =082 ##$$a 616.891 4 =090 ##$$a 616.891 4, Gol e =100 ##$$a Goleman, Daniel =245 ##$$a Esensial psikoterapi, teori dan praktek para ahli, Daniel Goleman, Kathleen Riordan Speeth =260 ##$$a 1993 $b Semarang =300 ##$$a 223 hlm., 21 cm =650 ##$$a Psikoterapi =700 ##$$a Speeth, Kathleen Riordan =850 ##$$a NBPNMAT